| 000 | 00000nam 2200000zi 4500 |
| 001 | 9.874962 |
| 003 | CaOODSP |
| 005 | 20240809213422 |
| 006 | m o d f |
| 007 | cr cn||||||||| |
| 008 | 190614t20202020onca ob f000 0 eng d |
| 020 | |a9780660314426 |
| 040 | |aCaOODSP|beng|erda|cCaOODSP |
| 043 | |an-cn--- |
| 086 | 1 |aH144-62/2019E-PDF |
| 245 | 00|aKeep children cool! : |bprotect your child from extreme heat. |
| 264 | 1|aOttawa, Ontario : |bHealth Canada = Santé Canada, |c[2020] |
| 264 | 4|c©2020 |
| 300 | |a1 online resource (12 unnumbered pages) : |bcolour illustrations |
| 336 | |atext|btxt|2rdacontent |
| 337 | |acomputer|bc|2rdamedia |
| 338 | |aonline resource|bcr|2rdacarrier |
| 500 | |aIssued also in French under title: Gardez les enfants à l'abri de la chaleur! Protégez votre enfant de la chaleur accablante. |
| 500 | |a"Pub.: 190130." |
| 500 | |aIssued also in HTML format. |
| 504 | |aIncludes bibliographical references. |
| 530 | |aIssued also in printed form. |
| 650 | 0|aHeat exhaustion|zCanada|xPrevention. |
| 650 | 0|aHeat stroke|zCanada|xPrevention. |
| 650 | 0|aChildren|xHealth and hygiene|zCanada. |
| 710 | 1 |aCanada. |bHealth Canada, |eissuing body. |
| 775 | 08|tGardez les enfants à l'abri de la chaleur! : |w(CaOODSP)9.874964 |
| 776 | 0#|tKeep children cool! : |w(CaOODSP)9.874963 |
| 794 | |tKeep children cool! : |w(CaOODSP)9.941721 |
| 795 | |tKeep children cool! : |w(CaOODSP)9.696262 |
| 856 | 40|qPDF|s2.75 MB|uhttps://publications.gc.ca/collections/collection_2021/sc-hc/H144-62-2019-eng.pdf |
| 856 | 4 |qHTML|sN/A|uhttps://www.canada.ca/en/health-canada/services/publications/healthy-living/keep-children-cool-extreme-heat.html |